Central Library OPAC University of Rajshahi

The Pathans, 550 B.C.-A. D. 1957 / (Record no. 64660)

MARC details
000 -LEADER
fixed length control field 00634nam a2200217 a 4500
001 - CONTROL NUMBER
control field 64660
003 - CONTROL NUMBER IDENTIFIER
rucl marc code BD-RjUL
005 - DATE AND TIME OF LATEST TRANSACTION
control field 20211209081331.0
008 - FIXED-LENGTH DATA ELEMENTS--GENERAL INFORMATION
fixed length control field 170219r1965 e abcj 001 0 eng
035 ## - SYSTEM CONTROL NUMBER
System control number (BD-RjUL)64790
040 ## - CATALOGING SOURCE
Original cataloging agency DLC
Transcribing agency DLC
Modifying agency BD-RjUL
Language of cataloging eng
041 ## - LANGUAGE CODE
Language code of text/sound track or separate title eng
082 ## - DEWEY DECIMAL CLASSIFICATION NUMBER
Edition number 23
Classification number 954.9
Author mark and year CAP 1965
100 1# - MAIN ENTRY--PERSONAL NAME
Personal name Caroe, Olaf
Dates associated with a name 1892-.
9 (RLIN) 191713
245 14 - TITLE STATEMENT
Title The Pathans, 550 B.C.-A. D. 1957 /
Statement of responsibility, etc. Olaf Caroe,
260 ## - PUBLICATION, DISTRIBUTION, ETC. (IMPRINT)
Place of publication, distribution, etc. New York :
Name of publisher, distributor, etc. St. Martin's Press,
Date of publication, distribution, etc. c1958 [reprinted 1965]
300 ## - PHYSICAL DESCRIPTION
Pagination xxii, 521 p. :
Illustrations ill, ;
Size 23 cm.
500 ## - GENERAL NOTE
General note Includes index
650 #0 - SUBJECT ADDED ENTRY--TOPICAL TERM
Topical term or geographic name as entry element Pushtuns
General subdivision History.
9 (RLIN) 191714
942 ## - ADDED ENTRY ELEMENTS (KOHA)
Source of classification or shelving scheme Dewey Decimal Classification
Koha item type Books
Holdings
Lost status Source of classification or shelving scheme Damaged status Not for loan Collection code Permanent Location Current Location Shelving location Date acquired Source of acquisition Cost, normal purchase price Total Checkouts Full call number Date last seen Copy number Koha item type
  Dewey Decimal Classification   Not For Loan Non-fiction Central Library, University of Rajshahi Central Library, University of Rajshahi Reading Room 01/05/1969 Paragon enterprises ltd. Dhaka 18.75   954.9 CAP 1965 19/02/2017 C-1 Books